| 000 | 00000nas 2200000za 4500 |
| 001 | 9.501408 |
| 003 | CaOODSP |
| 005 | 20230404141003 |
| 007 | cr ||||||||||| |
| 008 | 150406d20052005xxc|| p o||||f| |0fre|d |
| 040 | |aCaOODSP|bfre |
| 043 | |an-cn--- |
| 086 | 1 |aPS61-10F-PDF|zPS61-10F-pdf |
| 110 | 1 |aCanada.|bGendarmerie royale du Canada. |bSous-direction du maintien de la paix internationale, |eauteur, |eorganisme de publication. |
| 245 | 10|aRevue - Sous-direction du maintien de la paix internationale |h[ressource électronique] |
| 246 | 3 |aRevue de la Sous-direction du maintien de la paix internationale de la GRC |
| 260 | |aOttawa - Ontario : |bGendarmerie royale du Canada. |
| 310 | |aAnnuel |
| 362 | 1 |aParaît depuis et ne paraît plus après 2004/2005. |
| 590 | |a06-34|b2006-08-25 |
| 691 | 07|aMaintien de la paix|2gcpds |
| 775 | 08|tInternational Peacekeeping Branch review |w(CaOODSP)9.505009 |